| 000 | 01186nam0a22003131 4500 | ||
|---|---|---|---|
| 001 | RU\INFOCOMM_322\NLR\5000123061 | ||
| 005 | 20250613105244.0 | ||
| 035 | _a(NLR Aleph) 009522794 | ||
| 090 |
_a8837830 _c8837830 |
||
| 100 | _a20121228d1987 |||y0rusy50 ca | ||
| 101 | 1 | _aeng | |
| 102 | _aRU | ||
| 105 | _ay z ||||| | ||
| 200 | 1 |
_aSpeaking to the audience in the language of truth _eThe theatre: a time for renewal _fKirill Lavrov _g[Transl. by Valeri Epstein] |
|
| 210 |
_a[M.] _c"Novosti" press agency publ. house _d1987 |
||
| 215 |
_a29 с. _cил., портр. _d19 см |
||
| 225 | 1 | _aExpert opinion | |
| 300 | _aНа послед. с.: Говорить со зрителем на языке правды / Кирилл Юрьевич Лавров | ||
| 600 | 1 |
_aЛавров _bК. Ю. _f1925- _gКирилл Юрьевич _2nlr_sh1 |
|
| 606 | 0 |
_aТеатр _yСССР _2nlr_sh1 |
|
| 620 | _aМосква | ||
| 686 |
_aЩ333(2)7 _2rubbk |
||
| 686 |
_aЩ334.3(2Р=Р)7-86Лавров _2rubbk |
||
| 700 | 1 |
_aLavrov _bK. J. _f1925- _gKirill Jur'evič |
|
| 801 | 1 |
_aRU _bInfocomm _c20121228 |
|
| 801 | 0 |
_aRU _bINFOCOMM _gPSBO |
|
| 852 |
_aNLR _jИс71 Д-4/121 |
||
| 942 | _cBOOK | ||
| 980 | _aNB | ||